Úvod do etologie

Bibliographic Details
Main Author: Gaisler, Jiří, 1934-2014 (Author)
Format: Book
Language:Undetermined
PhysicalDescription:148 s.
Published: Praha Státní pedagogické nakladatelství 1989

MARC

LEADER 00000nam a2200000 a 4500
001 vtls001266909
003 SK-MaSNL
005 20260416165059.0
008 240315s1989 xx 0 und
035 |a SNK000217864 
040 |a SNK  |b slo  |c SNK  |e AACR2 
100 1 |a Gaisler, Jiří,  |d 1934-2014  |4 aut  |9 177834 
245 1 |a Úvod do etologie 
260 |a Praha  |b Státní pedagogické nakladatelství  |c 1989 
300 |a 148 s. 
958 |a OND 
999 |c 751113  |d 753043 
952 |t P60, <04>, [BOOK], {604}  |a SNK  |b SNK  |y VYP  |7 0  |p 17A0019055  |o snkIB 62582 D1  |0 0  |1 1  |4 0  |d 1996-11-20  |l 0  |r 2005-01-01 00:00:00  |w 2026-02-23 
952 |t P60, <04>, [BOOK], {604}  |a SNK  |b SNK  |y VYP  |7 0  |p 17A0240790  |o snkIB 62582  |0 0  |1 0  |4 0  |d 2001-11-24  |l 0  |r 2005-01-01 00:00:00  |w 2026-02-23